| 000 | 00346nam a2200121Ia 4500 | ||
|---|---|---|---|
| 008 | 220901s9999||||xx |||||||||||||| ||und|| | ||
| 082 | _a670 SER | ||
| 100 | _aSerial Publication | ||
| 245 | 0 | _aJournal of modern manufacturing technology | |
| 250 | _aVol. 3 Issue No. 1 & 2 | ||
| 260 |
_bSerial Publication _c2011 |
||
| 650 | _aProduction Technology | ||
| 999 |
_c193767 _d193767 |
||